000 00576nam a2200241Ia 4500
003 0100
008 130303s9999 xx 000 0 und d
020 _a0826484875
040 _cARRUPELIB
050 _aB945.Q54K46 2006
100 _aKemp, Gary
245 _aQuine
245 _ba guide for the perplexed
260 _aNew York
260 _bContinuum
260 _C2006
300 _a179p.
300 _b 23 cm
440 _aThe guides for the perplexed series
650 _bSpiritual direction
650 _cCatholic Church--Doctrines
942 _2lcc
_02
999 _c61939
_d61939